000 02350nam0a2200349 4500
001 RU\NLR\BIBL_A\016230642
005 20230202111019.0
010 _a978-5-04-173525-8
_94000
021 _aRU
_bКН-П-22-080836
_9КН-П-22-7090
035 _a(NLR Aleph) 016230642
035 _a(RuMoRGB)011375056
090 _a12766336
_c12766336
100 _a20221207d2022 u y0rusy50 ca
101 1 _arus
_ceng
102 _aRU
105 _aac||z||||||a|
181 1 _ai3
_baxxe
182 1 _an
200 1 _aНочь нежна
_eроман
_fФрэнсис Скотт Фицджеральд
_gперевод с английского С. Ильина
203 _aТекст
_bвизуальный
_cнепосредственный
210 _aМосква
_cЭксмо
_d2022
215 _a396, [2] с.
_cил., портр.
_d22
225 1 _aЭлегантная классика
330 _a"Ночь нежна" - удивительно тонкий и глубоко психологичный роман американского классика, который многие критики ставят даже выше "Великого Гэтсби", а сам автор называл "самым любимым своим произведением". И это не случайно: книга получилась во многом автобиографичной - Фицджеральд описал в ней оборотную сторону своей внешне роскошной жизни с женой Зельдой. Вожделенная американская мечта, обернувшаяся подлинной трагедией. В историю моральной деградации талантливого врача-психиатра он вложил те боль и страдания, которые сам пережил в борьбе с шизофренией супруги... Но эта книга не о болезни или смерти - она о любви
333 _a16+
675 _a821.111(73)-31
_v4
686 1 _aШ6(7США)67-440.4{Лх1978-50}
700 1 _aФицджеральд
_bФ. С.
_f1896-1940
_gФрэнсис Скотт
_3RU\NLR\AUTH\774722
942 _cBOOK
980 _aNB